Acton Train Stations - Statistics

General Stats
  • This quiz has been taken 21 times
    20 since last reset
  • The average score is 7 of 7
Answer Stats
LINE Answer % Correct
Richmond to Stratford Acton Central
100%
Richmond to Stratford Acton South
100%
Central Line East Acton
100%
Central Line North Acton
100%
Central Line West Acton
100%
District/Piccadilly Lines Acton Town
94%
Paddington to Heathrow Acton Main Line
83%
No matching quizzes found
Score Distribution
Percent of People with Each Score
Percentile by Number Answered
Your Score History
You have not taken this quiz since the last reset